La nueva historia económica (Record no. 112885)

MARC details
000 -LEADER
campo de control de longitud fija 00830nam a2200241 i 4500
001 - NÚMERO DE CONTROL
campo de control 112885
003 - IDENTIFICADOR DE NÚMERO DE CONTROL
campo de control ES-MaACL
005 - FECHA Y HORA DE LA ÚLTIMA TRANSACCIÓN
campo de control 20250814235732.0
007 - CAMPO FIJO DE DESCRIPCIÓN FÍSICA--INFORMACIÓN GENERAL
campo de control de longitud fija t|
008 - DATOS DE LONGITUD FIJA--INFORMACIÓN GENERAL
campo de control de longitud fija 061121s1984 sp |||| | spa d
245 03 - MENCIÓN DEL TÍTULO
Título La nueva historia económica
Resto del título : lecturas seleccionadas /
Mención de responsabilidad, etc. compilación de P. Temin ; versión de María Esther Rabasco y Luis Toharia ; prólogo de Gabriel Tortella.
260 ## - PUBLICACIÓN, DISTRIBUCIÓN, ETC.
Lugar de publicación, distribución, etc. Madrid :
Nombre del editor, distribuidor, etc. Alianza,
Fecha de publicación, distribución, etc. 1984.
300 ## - DESCRIPCIÓN FÍSICA
Extensión 505 p. ;
Dimensiones 20 cm.
490 1# - MENCIÓN DE SERIE
Mención de serie Alianza universidad ;
Designación de volumen o secuencia 407
650 #7 - PUNTO DE ACCESO ADICIONAL DE MATERIA--TÉRMINO DE MATERIA
Término de materia o nombre geográfico como elemento de entrada Historia económica
Fuente del encabezamiento o término embne
9 (RLIN) 13403
700 1# - ENTRADA AGREGADA--NOMBRE PERSONAL
Nombre de persona Temin, P.
9 (RLIN) 109668
700 1# - ENTRADA AGREGADA--NOMBRE PERSONAL
Nombre de persona Rabasco, Esther.
9 (RLIN) 94844
700 1# - ENTRADA AGREGADA--NOMBRE PERSONAL
Nombre de persona Toharia, Luis.
9 (RLIN) 110425
700 1# - ENTRADA AGREGADA--NOMBRE PERSONAL
Nombre de persona Tortella Casares, Gabriel.
9 (RLIN) 111078
830 0# - PUNTO DE ACCESO ADICIONAL DE SERIE-TÍTULO UNIFORME
Título uniforme Alianza universidad ;
Designación de volumen o secuencia 407
9 (RLIN) 177276
852 ## - LOCALIZACIÓN
Ubicación ES-MaACL
Número de control de estantería L-7155
Holdings
Estatus retirado Estado de pérdida Estado de daño No para préstamo Biblioteca de origen Biblioteca actual Ubicación en estantería Fecha de adquisición Fuente de adquisición Total de préstamos Signatura topográfica completa Código de barras Visto por última vez Precio de reemplazo Tipo de ítem Koha
        Biblioteca del Ateneo de Madrid Biblioteca del Ateneo de Madrid Depósito 2 17/01/2008     L-7155 1117750 23/02/2023 23/02/2023 Libro impreso